Entry Nombre personal
001 - NÚMERO DE CONTROL
- campo de control: 20504
003 - IDENTIFICADOR DE NÚMERO DE CONTROL
- campo de control: SpMaBN
005 - FECHA Y HORA DE LA ÚLTIMA TRANSACCIÓN
- campo de control: 20250712024033.0
008 - ELEMENTOS DE DATO DE LONGITUD-FIJA
- campo de control de longitud fija: 901120nn aijnnaabn a aaa
016 ## - NÚMERO DE CONTROL DE UNA AGENCIA BIBLIOGRÁFICA NACIONAL
- Número de control del registro: BNE19900021238
024 7# - IDENTIFICADOR DE OTROS ESTÁNDARES
- Número estándar o código: http://viaf.org/viaf/69165938/
- Fuente: viaf
024 7# - IDENTIFICADOR DE OTROS ESTÁNDARES
- Número estándar o código: https://isni.org/isni/000000008040198X
- Fuente: isni
024 7# - IDENTIFICADOR DE OTROS ESTÁNDARES
- Número estándar o código: http://www.wikidata.org/entity/Q23778333
- Fuente: wikidata
040 ## - FUENTE DE CATALOGACIÓN
- Centro catalogador/agencia de origen: SpMaBN
- Lengua de catalogación: spa
- Centro/agencia transcriptor: SpMaBN
- Normas de descripción: rdc
- Convención/Normas de encabezamiento de materia/tesauro: embne
046 ## - FECHAS CON CODIFICACIÓN ESPECIAL
- Fecha de nacimiento: 1921
- Fecha de la muerte: 1996
100 1# - ENCABEZAMIENTO-NOMBRE DE PERSONA
- Nombre de persona: Altabella, José,
- Fechas asociadas al nombre: 1921-1995
370 ## - LUGAR ASOCIADO
- Lugar de nacimiento: España, Aragón, Zaragoza (Provincia), Caspe
370 ## - LUGAR ASOCIADO
- Lugar de fallecimiento: España, Madrid (Comunidad Autónoma), Madrid
373 ## - GRUPO ASOCIADO
- Grupo asociado: Universidad Complutense de Madrid
374 ## - OCUPACIÓN
- Ocupación: Profesores
- Ocupación: Periodistas
375 ## - GÉNERO/SEXO
- Género: Masculino
377 ## - IDIOMA ASOCIADO
- Término de lengua/lenguaje: Español
400 1# - TRAZADO DE VÉASE--NOMBRE DE PERSONA
- Nombre de persona: Altabella Hernández, José,
- Fechas asociadas al nombre: 1921-1995
670 ## - FUENTE DE DATOS ENCONTRADOS
- Cita de la fuente: Lhardy, 1978
- Información encontrada: port. (José Altabella)
670 ## - FUENTE DE DATOS ENCONTRADOS
- Cita de la fuente: Fuentes crítico-bibliográficas para la historia de la prensa provincial española, 1983
- Información encontrada: port. (José Altabella Hernández; prof. de historia del periodismo, Univ Complutense de Madrid)
678 ## - DATOS BIOGRÁFICOS O HISTÓRICOS
- Datos biográficos o históricos: Periodista nacido en Caspe en 1921. Colaboró como periodista en diferentes publicaciones y fue profesor de la Escuela de Periodismo de la Iglesia, la Escuela Oficial de Periodismo de Madrid y catedrático de historia del periodismo español en la Universidad Complutense de Madrid. Fallece en Madrid en 1995.
856 4# - LOCALIZACIÓN Y ACCESO ELECTRÓNICOS
- Identificador Uniforme de Recursos: http://catalogo.bne.es/uhtbin/cgisirsi/0/x/0/05?searchdata1= José Altabella (1921-1995) XX838402 {561, 980}
- Texto de enlace: Obras de su colección en la BNE
